| 000 | nam a22 7a 4500 | ||
|---|---|---|---|
| 999 |
_c233629 _d233629 |
||
| 003 | Nust | ||
| 005 | 20170309121658.0 | ||
| 008 | 170309b xxu||||| |||| 00| 0 eng d | ||
| 040 | _cDLC | ||
| 082 | _a363.73874 BHA | ||
| 245 |
_aGlobal Warming and Climate Changes : Transparency and Accountability vol.1/ _cBhargava,Gopal |
||
| 260 |
_aDelhi: _bISHA Books, |
||
| 300 |
_a310p. : _c26cm |
||
| 942 |
_2ddc _cBK |
||